Universal chess training (Record no. 78267)

MARC details
000 -LEADER
fixed length control field 00504nam a22001817a 4500
005 - DATE AND TIME OF LATEST TRANSACTION
control field 20230707074059.0
008 - FIXED-LENGTH DATA ELEMENTS--GENERAL INFORMATION
fixed length control field 230504b |||||||| |||| 00| 0 eng d
020 ## - INTERNATIONAL STANDARD BOOK NUMBER
International Standard Book Number 9789492510907
040 ## - CATALOGING SOURCE
Original cataloging agency CBULib
Transcribing agency CBULib
041 ## - LANGUAGE CODE
Language code of text/sound track or separate title eng
050 ## - LIBRARY OF CONGRESS CALL NUMBER
Classification number GV 1446 Mor
100 ## - MAIN ENTRY--PERSONAL NAME
Personal name Moranda, Wojciech
245 ## - TITLE STATEMENT
Title Universal chess training
Statement of responsibility, etc. / by Wojciech Moranda
260 ## - PUBLICATION, DISTRIBUTION, ETC.
Place of publication, distribution, etc. Belgium,
Name of publisher, distributor, etc. Thinkers Publishing,
Date of publication, distribution, etc. 2020
300 ## - PHYSICAL DESCRIPTION
Extent 352 pages : illustrations
650 ## - SUBJECT ADDED ENTRY--TOPICAL TERM
Source of heading or term Library of Congress
Topical term or geographic name entry element CHESS
942 ## - ADDED ENTRY ELEMENTS (KOHA)
Koha item type MONOGRAPH
999 ## -
-- 78267
-- 78267
Holdings
Withdrawn status Lost status Source of classification or shelving scheme Damaged status Not for loan Collection code Permanent Location Current Location Shelving location Date acquired Source of acquisition Total Checkouts Full call number Barcode Date last seen Date last checked out Copy number Price effective from Koha item type
          Main Library Open Access Collection CBU-MAIN LIBRARY, KITWE. CBU-MAIN LIBRARY, KITWE. General Stacks 05/04/2023 DON-BOOKAID 1 GV 1446 Mor 751902 09/10/2025 06/26/2025 1 05/04/2023 MONOGRAPH